000
003190000a22001450004500
003
MACL
040
_a
MACL
090
_c
43429
_d
43427
100
_a
Kar, Minati
245
_a
Uttara Gita
260
_b
The Ramakrishna Mission Institute of Culture
_c
2007
350
_a
40
650
_a
Religion
942
_c
BOOK
_k
294/KAR
999
_c
42974
_d
42974